eBay deal see Yahoo close European sites (Record no. 70403)
[ view plain ]
| 000 -LEADER | |
|---|---|
| fixed length control field | 00794cam a2200229 4500 |
| 001 - CONTROL NUMBER | |
| control field | WB3820-01 |
| 008 - FIXED-LENGTH DATA ELEMENTS--GENERAL INFORMATION | |
| fixed length control field | 020530n2002 000 0 eng u |
| 035 ## - SYSTEM CONTROL NUMBER | |
| System control number | (Sirsi) u118243 |
| 245 ## - TITLE STATEMENT | |
| Title | eBay deal see Yahoo close European sites |
| 260 ## - PUBLICATION, DISTRIBUTION, ETC. | |
| Date of publication, distribution, etc. | 2002 |
| 490 ## - SERIES STATEMENT | |
| Series statement | Antiques Trade Gazette |
| Volume/sequential designation | (1541) 1 June 2002, 1(1) |
| 520 ## - SUMMARY, ETC. | |
| Summary, etc. | Yahoo will close its auction sites that serve France, Germany, Italy and Spain and instead promote eBay's competing auctions as part of a multi-year agreement. eBay has had mixed results with its overseas forays and Yahoo has struggled with auctions. |
| 590 ## - LOCAL NOTE (RLIN) | |
| Local note | WB |
| 650 ## - SUBJECT ADDED ENTRY--TOPICAL TERM | |
| Topical term or geographic name entry element | AUCTION SITES |
| 650 ## - SUBJECT ADDED ENTRY--TOPICAL TERM | |
| Topical term or geographic name entry element | E-COMMERCE |
| 650 ## - SUBJECT ADDED ENTRY--TOPICAL TERM | |
| Topical term or geographic name entry element | EUROPE |
| 650 ## - SUBJECT ADDED ENTRY--TOPICAL TERM | |
| Topical term or geographic name entry element | INTERNET |
| 650 ## - SUBJECT ADDED ENTRY--TOPICAL TERM | |
| Topical term or geographic name entry element | EBAY |
| 650 ## - SUBJECT ADDED ENTRY--TOPICAL TERM | |
| Topical term or geographic name entry element | YAHOO |
| 690 ## - LOCAL SUBJECT ADDED ENTRY--TOPICAL TERM (OCLC, RLIN) | |
| Topical term or geographic name as entry element | Auctioneering |
| 9 (RLIN) | 6218 |
| 942 ## - ADDED ENTRY ELEMENTS (KOHA) | |
| Suppress in OPAC | 0 |
| Withdrawn status | Lost status | Source of classification or shelving scheme | Damaged status | Not for loan | Home library | Current library | Shelving location | Date acquired | Total Checkouts | Full call number | Barcode | Date last seen | Copy number | Price effective from | Koha item type |
|---|---|---|---|---|---|---|---|---|---|---|---|---|---|---|---|
| Dewey Decimal Classification | London | London | News article | 30/05/2002 | WB3820-01 | 118243-1001 | 06/08/2019 | 1 | 06/08/2019 | News article |